|
|
|
|
| LEADER |
00000naa2a2200000 4500 |
| 001 |
607876 |
| 005 |
20260313163605.0 |
| 035 |
|
|
|a (RuTPU)RU\TPU\conf\5282
|
| 035 |
|
|
|a RU\TPU\conf\5279
|
| 090 |
|
|
|a 607876
|
| 100 |
|
|
|a 20140903d2014 k||y0rusy50 ba
|
| 101 |
0 |
|
|a eng
|
| 102 |
|
|
|a RU
|
| 135 |
|
|
|a drcn ---uucaa
|
| 181 |
|
0 |
|a i
|
| 182 |
|
0 |
|a b
|
| 200 |
1 |
|
|a Hardware and software implementation of telecommunication systems components
|f D. S. Kozhevnikov, N. P. Shatilov
|
| 203 |
|
|
|a Текст
|c электронный
|
| 215 |
|
|
|a 1 файл (145 Кб)
|
| 225 |
1 |
|
|a Научно-исследовательская работа молодежи в условиях современного образовательного процесса в вузах России: опыт, традиции, новые формы, проблемы, перспективы. Наука и инновации
|
| 300 |
|
|
|a Заглавие с экрана
|
| 320 |
|
|
|a [Библиогр.: с. 100 (2 назв.)]
|
| 337 |
|
|
|a Adobe Reader
|
| 463 |
|
1 |
|0 (RuTPU)RU\TPU\conf\5123
|t Лингвистика и межкультурная коммуникация: теоретические и методологические проблемы современного образования
|o сборник трудов II Российской научно-практический конференции с международным участием, г. Томск, 14-16 мая 2014 г.
|f Национальный исследовательский Томский политехнический университет (ТПУ)
|v [С. 97-100]
|d 2014
|
| 610 |
1 |
|
|a электронный ресурс
|
| 610 |
1 |
|
|a труды учёных ТПУ
|
| 610 |
1 |
|
|a аппаратное обеспечение
|
| 610 |
1 |
|
|a программное обеспечение
|
| 610 |
1 |
|
|a компоненты
|
| 610 |
1 |
|
|a телекоммуникационные системы
|
| 700 |
|
1 |
|a Kozhevnikov
|b D. S.
|
| 701 |
|
1 |
|a Shatilov
|b N. P.
|
| 801 |
|
1 |
|a RU
|b 63413507
|c 20101016
|
| 801 |
|
2 |
|a RU
|b 63413507
|c 20220211
|g RCR
|
| 856 |
4 |
|
|u http://earchive.tpu.ru/handle/11683/21591
|
| 856 |
4 |
|
|u http://www.lib.tpu.ru/fulltext/c/2014/C78/040.pdf
|
| 942 |
|
|
|c BK
|